| 000 | 00616nam a2200205 i 4500 | ||
|---|---|---|---|
| 001 | bg | ||
| 245 | 0 |
_aPhysicochemical measurements in metals research. _nP.2 / _cC. Wagner [et al.] ; ed. R. A. Rapp. |
|
| 260 |
_aNew York : _bInterscience Publ., _c1970. |
||
| 490 | 1 |
_aTechniques of Metals Research ; _vVol.4 |
|
| 650 | 9 |
_aMetale _xbadanie |
|
| 650 | 9 |
_aChemia fizyczna _xmetody |
|
| 700 | 1 | _aWagner, C. | |
| 700 | 1 |
_aRapp, R. A. _eRed. |
|
| 830 | _aTechniques of Metals Research ; | ||
| 040 | _cBPK | ||
| 041 | _apol | ||
| 080 | _a544:669.017/.018 | ||
| 942 | _cKS | ||
| 008 | s pl f |000 0 pol | ||
| 999 |
_c18595 _d18595 |
||
| 856 |
_uhttp://koha.tu.koszalin.pl/cgi-bin/koha/opac-detail.pl?biblionumber=18595 _yKatalog online BPK |
||